000
00229nam a22001097a 4500
040
_c
SK
082
_a
001
100
_a
CHAY KONGKRUY
245
_a
Research method in agroindustry
260
_a
Phnom Penh
_b
CHA
_c
2012
942
_c
KB
999
_c
10264
_d
10264